| 000 -ლიდერი |
| ფიქსირებული სიგრძის საკონტროლო ველი |
01125nam a2200217Ia 4500 |
| 001 - საკონტროლო ნომერი |
| საკონტროლო ველი |
5543 |
| 003 - საკონტროლო ნომრის იდენტიფიკატორი |
| საკონტროლო ველი |
GE_BSU |
| 005 - ბოლო ოპერაციის თარიღი და დრო |
| საკონტროლო ველი |
20190507111016.0 |
| 008 - ფიქსირებული სიგრძის მონაცემთა ელემენტები - ზოგადი ინფორმაცია |
| ფიქსირებული სიგრძის საკონტროლო ველი |
181216s1963||||ge |||||||||||||| ||geo|| |
| 040 ## - კატალოგიზაციის წყარო |
| Transcribing agency |
GE_BSU |
| 041 ## - ენის კოდი |
| Language code of text/sound track or separate title |
geo |
| 080 ## - უნივერსალური ათობითი კლასიფიკაციის ინდექსი |
| Universal Decimal Classification number |
691(075) ბ-83 |
| 100 ## - მთავარი ჩანაწერი - პიროვნების სახელი |
| Personal name |
ბოლქვაძე, ლ. |
| 9 (RLIN) |
805 |
| 245 ## - ცნობა სათაურის შესახებ |
| Title |
ძირითადი საშენი მასალები და ნაკეთობანი(ტექნოლოგია,თვისებები,გამოყენება) : |
| Remainder of title |
სახელმძღვ. / |
| Statement of responsibility, etc |
ლ. ბოლქვაძე, შ. სირაძე, დ. ჩოგოვაძე ; რედ. გ. ჯორჯანელი. |
| 264 ## - წარმოების, გამოცემის, დისტრიბუციის და სხვა ცნობები |
| გამოცემის, წარმოების, დისტრიბუციის... ადგილი |
თბილისი : |
| გამოცემის, წარმოების, დისტრიბუციის... სახელწოდება |
საბჭოთა საქართველო, |
| გამოცემის, წარმოების, დისტრიბუციის... თარიღი |
1963. |
| 300 ## - ფიზიკური აღწერა |
| Extent |
298 გვ. : |
| Other physical details |
ილ. ; |
| Dimensions |
22 სმ. |
| 653 ## - INDEX TERM--UNCONTROLLED |
| Uncontrolled term |
ძირითადი საშენი მასალები და ნაკეთობანი |
| 700 ## - ADDED ENTRY--PERSONAL NAME |
| Personal name |
სირაძე, შ. |
| Relator term |
ავტორი |
| 9 (RLIN) |
839 |
| 700 ## - ADDED ENTRY--PERSONAL NAME |
| Personal name |
ჩოგოვაძე, დ. |
| Relator term |
ავტორი |
| 9 (RLIN) |
840 |
| 942 ## - ADDED ENTRY ELEMENTS (KOHA) |
| Koha item type |
წიგნი |
| Source of classification or shelving scheme |
|